AH International Schools' Libraries

The last kids on Earth / (Record no. 40581)

MARC details
000 -LEADER
fixed length control field 01015pam a2200313 i 4500
001 - CONTROL NUMBER
control field 017603119
003 - CONTROL NUMBER IDENTIFIER
control field Uk
005 - DATE AND TIME OF LATEST TRANSACTION
control field 20200122162220.0
008 - FIXED-LENGTH DATA ELEMENTS--GENERAL INFORMATION
fixed length control field 150915s2015 enka j 000|f|eng|d
015 ## - NATIONAL BIBLIOGRAPHY NUMBER
National bibliography number GBB5F8346
Source bnb
016 7# - NATIONAL BIBLIOGRAPHIC AGENCY CONTROL NUMBER
Record control number 017603119
Source Uk
020 ## - INTERNATIONAL STANDARD BOOK NUMBER
International Standard Book Number 9781405281638 (pbk.) :
Terms of availability £6.99
020 ## - INTERNATIONAL STANDARD BOOK NUMBER
Cancelled/invalid ISBN 9781780317458 (ePub ebook) :
Terms of availability £5.40
040 ## - CATALOGING SOURCE
Original cataloging agency StDuBDS
Language of cataloging eng
Transcribing agency StDuBDS
Modifying agency Uk
Description conventions rda
042 ## - AUTHENTICATION CODE
Authentication code ukblcatcopy
082 04 - DEWEY DECIMAL CLASSIFICATION NUMBER
Classification number 741.5
Edition number 23
100 1# - MAIN ENTRY--PERSONAL NAME
Personal name Brallier, Max,
Relator term author.
9 (RLIN) 74199
245 14 - TITLE STATEMENT
Title The last kids on Earth /
Statement of responsibility, etc Max Brallier and Douglas Holgate.
260 ## - PUBLICATION, DISTRIBUTION, ETC. (IMPRINT)
Place of publication, distribution, etc London :
Name of publisher, distributor, etc Egmont UK Limited,
Date of publication, distribution, etc 2015.
300 ## - PHYSICAL DESCRIPTION
Extent 225 pages :
Other physical details chiefly illustrations (black and white) ;
Dimensions 20 cm
490 ## - SERIES STATEMENT
Series statement The Last Kids on Earth ; 1
500 ## - GENERAL NOTE
General note Formerly CIP.
Institution to which field applies Uk
521 1# - TARGET AUDIENCE NOTE
Target audience note 8+.
530 ## - ADDITIONAL PHYSICAL FORM AVAILABLE NOTE
Additional physical form available note Also issued online.
655 #7 - INDEX TERM--GENRE/FORM
Genre/form data or focus term Children's stories
Form subdivision Comic books, strips, etc.
Source of term gsafd
9 (RLIN) 52813
700 1# - ADDED ENTRY--PERSONAL NAME
Personal name Holgate, Douglas,
Relator term artist.
9 (RLIN) 74200
776 08 - ADDITIONAL PHYSICAL FORM ENTRY
Display text ebook version :
International Standard Book Number 9781780317458
942 ## - ADDED ENTRY ELEMENTS (KOHA)
Source of classification or shelving scheme
Holdings
Withdrawn status Lost status Source of classification or shelving scheme Damaged status Not for loan Home library Current library Date acquired Total Checkouts Total Renewals Full call number Barcode Date last seen Date checked out Price effective from Koha item type
          Logos International School Logos International School 01/22/2020 33 1 Y GRAPHIX BRA 39052180 04/20/2026 04/06/2026 01/22/2020 Book

For any Logos Library related questions please contact Miss Art at swongnarasuk@asianhope.org.

For any Asian Hope Library related questions please contact Miss Raza at graza@asianhope.org.

Powered by Koha